000 00334 a2200157 4500
001 56833
020 _a8530503139
040 _cAnchieta - Pituba
100 _aGaldino, Luiz
240 1 0 _aAmigas para sempre
_lpor
245 1 0 _aAmigas para sempre
300 _a112
362 0 _a2003
650 4 _aLiteratura juvenil
942 _cBK
999 _c56833
_d56833